|
|
|
|
| LEADER |
00000nab a2200000 a 4500 |
| 001 |
vtls000789648 |
| 003 |
SK-MaSNL |
| 005 |
20260302155840.0 |
| 008 |
180206c2002 xo 0 slo |
| 015 |
|
|
|a SNBRB2002/04-13242
|
| 035 |
|
|
|a CLN000141303
|
| 040 |
|
|
|a SNKBUCL
|b slo
|c SNKBUCL
|e AACR2
|
| 041 |
0 |
|
|a slo
|
| 044 |
|
|
|a xo
|c SK
|
| 080 |
|
|
|a 340.133:336.271.1
|2 UDC-MRF-SK2
|
| 080 |
|
|
|a 336.271.1
|2 UDC-MRF-SK2
|
| 100 |
1 |
|
|a Zuziková, Alena
|4 aut
|9 13917
|
| 245 |
1 |
0 |
|a Zákon o dani z pridanej hodnoty s komentárom
|b zákon s komentárom
|c Alena Zuziková
|
| 650 |
0 |
7 |
|a daň z pridanej hodnoty
|x zákony
|x novelizácia
|2 snkbucl
|9 841279
|
| 655 |
|
7 |
|a články z novín a časopisov
|2 snkbucl
|9 267496
|
| 773 |
0 |
|
|x 1335-1583
|t Poradca
|g Č. 6-7 (2002), s. 227-284
|
| 850 |
|
|
|a Slovenská národná knižnica v Martine
|
| 852 |
|
|
|a SNK
|b KIS3GCP
|
| 958 |
|
|
|a RBX
|
| 999 |
|
|
|c 1372813
|d 1374743
|